Building log book template for small businesses (Record no. 103093)

MARC details
000 -LEADER
fixed length control field 01153cam a22002055A 4500
001 - CONTROL NUMBER
control field ##L123685
008 - FIXED-LENGTH DATA ELEMENTS--GENERAL INFORMATION
fixed length control field 030922s2003 xxk f 000 0 eng d
035 ## - SYSTEM CONTROL NUMBER
System control number (Sirsi) u123685
041 0# - LANGUAGE CODE
Language code of text/sound track or separate title eng
050 04 - LIBRARY OF CONGRESS CALL NUMBER
Classification number 697 $2 18
110 2# - MAIN ENTRY--CORPORATE NAME
Corporate name or jurisdiction name as entry element Chartered Institution of Building Services Engineers
9 (RLIN) 2360
245 00 - TITLE STATEMENT
Title Building log book template for small businesses
Remainder of title for spaces less than about 200m2 floor area (roughly 10-15 occupants)
260 ## - PUBLICATION, DISTRIBUTION, ETC.
Place of publication, distribution, etc. London
Name of publisher, distributor, etc. CIBSE
Date of publication, distribution, etc. 2003
300 ## - PHYSICAL DESCRIPTION
Extent 28p.
Dimensions 30cm.
520 ## - SUMMARY, ETC.
Summary, etc. Template for a small building log book, designed to provide a standard approach to the industry. Part L2 now includes a statutory requirement to provide new and refurbished buildings with a building log book in order to enable the building owner to operate the building in an energy efficient manner and according to the design intent. This template seeks to ensure that for small businesses the burden of providing the log book is in keeping with the size of their buildings.
650 24 - SUBJECT ADDED ENTRY--TOPICAL TERM
Topical term or geographic name entry element BUILDING REGULATIONS 2000 APPROVED DOCUMENT L2 (2002 EDITION)
651 #4 - SUBJECT ADDED ENTRY--GEOGRAPHIC NAME
Geographic name England and Wales
Chronological subdivision 1543-
690 ## - LOCAL SUBJECT ADDED ENTRY--TOPICAL TERM (OCLC, RLIN)
Topical term or geographic name as entry element Block management
9 (RLIN) 6220
942 ## - ADDED ENTRY ELEMENTS (KOHA)
Suppress in OPAC 0
Holdings
Withdrawn status Lost status Source of classification or shelving scheme Damaged status Not for loan Home library Current library Shelving location Date acquired Cost, normal purchase price Total Checkouts Full call number Barcode Date last seen Copy number Cost, replacement price Price effective from Koha item type
    Other/Generic Classification Scheme     London London Basement 19/12/2005 21.25   BASEMENT 30071702 06/08/2019 1 21.25 06/08/2019 Book